| 000 | 01873cam a2200493 a 4500 | ||
|---|---|---|---|
| 001 | 22226 | ||
| 003 | VRT | ||
| 005 | 20260323135006.0 | ||
| 008 | 240620s1996 xo er 000 f slo | ||
| 015 | _aSNBA1997/0300685 | ||
| 020 | _a8071180300 | ||
| 035 | _aSNK000170615 | ||
| 035 | _aurn:nbn:sk:snk-amk5dv | ||
| 035 | _aurn:nbn:sk:snk-am00557u | ||
| 035 | _aB3AEAB2A-14DF-4E0A-ABD4-768630844BC5 | ||
| 039 | 9 |
_a202408141136 _bcsnk01 _c202406211058 _dmsnk123 _c202406211058 _dmsnk123 _c202406200853 _dVLOAD |
|
| 040 |
_aSNK _bslo _cSNK _eAACR2 |
||
| 041 | 1 |
_aslo _heng |
|
| 044 |
_axo _cSK |
||
| 072 | 7 |
_a821.111(73)-3 _xAmerická próza _2konspekt |
|
| 080 |
_a820 (73)-3 _21981 |
||
| 080 |
_a821.111(73)-31 _22011 |
||
| 080 |
_a821-311.1 _22011 |
||
| 100 | 1 |
_aSheldon, Sidney, _d1917-2007 _4aut |
|
| 240 | 1 | 0 |
_aMorning, Noon and Night _lSlovensky |
| 245 | 1 | 0 |
_aRáno, poludnie, večer _cSidney Sheldon ; z anglického originálu Morning, Noon and Night ... preložila Ingrid Rybovičová |
| 260 |
_aBratislava _bIkar _c1996 |
||
| 300 |
_a221 s. _c21 cm |
||
| 655 | 7 |
_aamerické romány _2SNKPH |
|
| 655 | 7 |
_aspoločenské romány _2SNKPH |
|
| 655 | 7 |
_apsychologické romány _2SNKPH |
|
| 700 | 1 |
_aRybovičová, Ingrid, _d1967- _4trl |
|
| 911 |
_aKN 1997/03 _b00685 |
||
| 942 |
_2ddc _cKLDO _n0 |
||
| 949 |
_6270001000056786 _asvkbbA 92525 _bsvkbbm 606355 _p606.355 |
||
| 949 |
_6273K0229521 _asvkpoA 169096 _bsvkpo420621 |
||
| 949 |
_63912001547 _aknkjsdo/B _bknkjs2008/244551 |
||
| 949 |
_63912000089 _aknkjsdo _bknkjs260782 |
||
| 949 |
_9P60, <09>, [BOOK], {629} _asnkC 3332 _bsnk4491/961218 |
||
| 949 |
_617A0023639 _9P60, <03>, [BOOK], {603} _asnkSC 91927 _bsnkKSP 10908/96 _s6100:20140925 |
||
| 949 |
_617A0023638 _9P60, <05>, [BOOK], {605} _asnkSC 91927 D1 _bsnkKSP 10909/96 |
||
| 999 |
_c22226 _d22226 |
||